Loading...

101 നല്ല നാടന്‍ കഥകള്‍ /

Bibliographic Details
Main Author: ശിവദാസ്, എസ്
Other Authors: Sivadas, S.
Format: Printed Book
Language:English
Published: തിരുവനന്തപുരം : ചിന്ത പബ്ലിഷേഴ്സ്, 2018.
Edition:4th ed.
Subjects:
LEADER 00898nam a22002177a 4500
008 190925b xxu||||| |||| 00| 0 eng d
999 |c 27288  |d 27288 
020 |a 9789385018015 
082 |a 398.2  |b SIV 
100 |a ശിവദാസ്, എസ്. 
240 |a 101 nalla nadan kathakal 
245 |a 101 നല്ല നാടന്‍ കഥകള്‍ /  |c എസ്. ശിവദാസ് 
250 |a 4th ed. 
260 |a തിരുവനന്തപുരം :  |b ചിന്ത പബ്ലിഷേഴ്സ്,  |c 2018. 
300 |a 295p. 
650 |a Folklore 
650 |a നാടോടി സാഹിത്യം 
650 |a നാടന്‍ കഥകള്‍ 
700 |a Sivadas, S. 
942 |2 ddc  |c BK 
952 |0 0  |1 0  |2 ddc  |4 0  |6 398_200000000000000_SIV  |7 0  |9 37385  |a MAIN  |b MAIN  |d 2019-09-25  |e Deshabhimani books  |g 300.00  |l 1  |o 398.2 SIV  |p 35497  |r 2019-12-10  |s 2019-10-14  |t 1  |w 2019-09-25  |y BK